[Event "4th Sabbiadoro-Master 2018"]
[Site "Lignano Sabbiadoro"]
[Date "2018.08.02"]
[Round "6.2"]
[White "Nester, Ihor"]
[Black "Brankovic, Dejan"]
[Result "1/2-1/2"]
[WhiteElo "2305"]
[BlackElo "2377"]
[Annotator "TA"]
[PlyCount "47"]
[EventDate "2018.07.29"]
[EventType "swiss"]
[EventCountry "ITA"]
[SourceTitle "playchess.com"]
[Source "ChessBase"]
[SourceQuality "1"]

{[%evp 17,18,28,25]} 1. Nf3 Nf6 2. c4 g6 3. g3 Bg7 4. Bg2 O-O 5. d4 d6 6. O-O Nbd7 7. Nc3 c6 8. e4 e5 9. h3 Qb6 {Vorgänger:} 10. Re1 $146 exd4 11. Nxd4 Ne8 12. Nb3 a5 13. Be3 Qb4 14. a3 Qxc4 15. Nd4 f6 16. Rc1 Qf7 17. f4 Kh8 18. Bf2 Qe7 19. h4 Qf7 20. h5 Nc5 21. f5 Bh6 22. Be3 Bxe3+ 23. Rxe3 Kg7 24. b4 {1-0 (24) Sarana,A (2587)-Li,C (2724) Qinhuangdao 2018} 1/2-1/2

[Event "4th Sabbiadoro-Master 2018"]
[Site "Lignano Sabbiadoro"]
[Date "2018.08.02"]
[Round "6.3"]
[White "Ristic, Nenad"]
[Black "Zuttioni, Federico"]
[Result "1/2-1/2"]
[WhiteElo "2356"]
[BlackElo "2141"]
[Annotator "NA"]
[PlyCount "78"]
[EventDate "2018.07.29"]
[EventType "swiss"]
[EventCountry "ITA"]
[SourceTitle "playchess.com"]
[Source "ChessBase"]
[SourceQuality "1"]
[TimeControl "5400+30"]

1. e4 {[%emt 0:00:30]} c5 {[%emt 0:04:30]} 2. c3 {[%emt 0:00:30]} Nf6 {[%emt 0:00:30]} 3. e5 {[%emt 0:00:00]} Nd5 {[%emt 0:00:30]} 4. d4 {[%emt 0:00:00]} cxd4 {[%emt 0:00:30]} 5. Nf3 {[%emt 0:00:30]} e6 {[%emt 0:02:30]} 6. cxd4 {[%emt 0:00:00]} b6 {[%emt 0:07:30]} 7. Nc3 {[%emt 0:00:00]} Nxc3 {[%emt 0:14:30]} 8. bxc3 {[%emt 0:00:30]} Bb7 {[%emt 0:00:30]} 9. Bd3 {[%emt 0:01:30]} Be7 {[%emt 0:02:30]} 10. h4 {[%emt 0:06:30]} h6 {[%emt 0:11:30]} 11. Nd2 {[%emt 0:04:30]} Qc7 {[%emt 0:15:30]} 12. Ne4 {[%emt 0:00:30]} Nc6 {[%emt 0:05:30]} 13. a4 {[%emt 0:07:30]} Na5 {[%emt 0:07:30]} 14. O-O {[%emt 0:06:30]} Rc8 {[%emt 0:06:32]} 15. Qg4 {[%emt 0:23:30]} Bxe4 {[%emt 0:13:33]} 16. Qxg7 {[%emt 0:00:00]} Rf8 {[%emt 0:00:29]} 17. Bxe4 {[%emt 0:00:00]} Qxc3 {[%emt 0:00:43]} 18. Be3 {[%emt 0:00:30]} Nb3 {[%emt 0:00:45]} 19. Rad1 {[%emt 0:00:30]} Rc4 {[%emt 0:00:56]} 20. Qxh6 {[%emt 0:01:30]} Rxa4 {[%emt 0:01:32]} 21. Qh7 {[%emt 0:00:30]} Nxd4 {[%emt 0:00:30]} 22. Rxd4 {[%emt 0:01:30]} Rxd4 {[%emt 0:00:30]} 23. Rc1 {[%emt 0:00:30]} Qxc1+ {[%emt 0:00:30]} 24. Bxc1 {[%emt 0:00:30]} Rd1+ {[%emt 0:00:30]} 25. Kh2 {[%emt 0:00:30]} Rxc1 {[%emt 0:00:30]} 26. h5 {[%emt 0:08:30]} f5 {[%emt 0:02:02]} 27. Bf3 {[%emt 0:00:30]} a5 {[%emt 0:00:47]} 28. h6 {[%emt 0:00:30]} a4 {[%emt 0:00:41]} 29. Qg7 {[%emt 0:00:30]} a3 {[%emt 0:00:30]} 30. h7 {[%emt 0:00:30]} a2 {[%emt 0:00:30]} 31. h8=Q {[%emt 0:00:30]} a1=Q {[%emt 0:00:30]} 32. Bh5+ {[%emt 0:00:30]} Kd8 {[%emt 0:00:30]} 33. Qhxf8+ {[%emt 0:00:30]} Bxf8 {[%emt 0:00:30]} 34. Qxf8+ {[%emt 0:00:30]} Kc7 {[%emt 0:00:30]} 35. Qd6+ {[%emt 0:00:30]} Kd8 {[%emt 0:00:30]} 36. Qb8+ {[%emt 0:00:30]} Rc8 {[%emt 0:00:30]} 37. Qxb6+ {[%emt 0:00:30]} Ke7 {[%emt 0:00:30]} 38. Qd6+ {[%emt 0:00:30] Ke8# [%clk 0:00:00]} Kd8 {[%emt 0:00:30]} 39. Qf8+ {[%emt 0:00:30]} Kc7 {[%emt 0:00:30]} 1/2-1/2

[Event "4th Sabbiadoro-Master 2018"]
[Site "Lignano Sabbiadoro"]
[Date "2018.08.02"]
[Round "6.4"]
[White "Simonetto, Andrea"]
[Black "Damia, Angelo"]
[Result "1/2-1/2"]
[WhiteElo "2173"]
[BlackElo "2313"]
[Annotator "NA"]
[PlyCount "80"]
[EventDate "2018.07.29"]
[EventType "swiss"]
[EventCountry "ITA"]
[SourceTitle "playchess.com"]
[Source "ChessBase"]
[SourceQuality "1"]
[TimeControl "5400+30"]

1. d4 {[%emt 0:00:30]} e6 {[%emt 0:02:30]} 2. c4 {[%emt 0:00:00]} d5 {[%emt 0:00:00]} 3. Nc3 {[%emt 0:00:00]} Nf6 {[%emt 0:00:00]} 4. cxd5 {[%emt 0:00:00]} exd5 {[%emt 0:00:30]} 5. Bg5 {[%emt 0:00:00]} Nbd7 {[%emt 0:00:30]} 6. e3 {[%emt 0:00:30]} Be7 {[%emt 0:00:00]} 7. Bd3 {[%emt 0:00:30]} c6 {[%emt 0:01:00]} 8. Nge2 {[%emt 0:00:30]} O-O {[%emt 0:02:30]} 9. O-O {[%emt 0:00:30]} h6 {[%emt 0:03:30]} 10. Bh4 {[%emt 0:01:30]} Ne4 {[%emt 0:00:30]} 11. Bxe7 {[%emt 0:01:30]} Qxe7 {[%emt 0:00:30]} 12. Qc2 {[%emt 0:02:30]} Ndf6 {[%emt 0:01:30]} 13. Rae1 {[%emt 0:06:30]} Bf5 {[%emt 0:02:30]} 14. f3 {[%emt 0:05:30]} Nxc3 {[%emt 0:00:30]} 15. Nxc3 {[%emt 0:00:30]} Bxd3 {[%emt 0:00:30]} 16. Qxd3 {[%emt 0:00:00]} Qb4 {[%emt 0:00:30]} 17. Re2 {[%emt 0:00:00]} Rfe8 {[%emt 0:00:30]} 18. Rfe1 {[%emt 0:02:30]} Rad8 {[%emt 0:01:30]} 19. a3 {[%emt 0:00:30]} Qc4 {[%emt 0:01:30]} 20. Qc2 {[%emt 0:07:30]} Qa6 {[%emt 0:01:30]} 21. Na2 {[%emt 0:06:30]} Re7 {[%emt 0:01:30]} 22. Nb4 {[%emt 0:01:30]} Qb6 {[%emt 0:01:30]} 23. Nd3 {[%emt 0:00:30]} Rde8 {[%emt 0:00:00]} 24. b4 {[%emt 0:04:30]} a5 {[%emt 0:04:00]} 25. Qc5 {[%emt 0:06:30]} Qa6 {[%emt 0:01:30]} 26. Ne5 {[%emt 0:00:00]} axb4 {[%emt 0:00:30]} 27. axb4 {[%emt 0:00:00]} Nd7 {[%emt 0:00:30]} 28. Nxd7 {[%emt 0:00:00]} Rxd7 {[%emt 0:00:30]} 29. e4 {[%emt 0:02:00]} dxe4 {[%emt 0:06:30]} 30. Rxe4 {[%emt 0:04:30]} Rxe4 {[%emt 0:00:30]} 31. Rxe4 {[%emt 0:00:30]} Qa1+ {[%emt 0:02:30]} 32. Kf2 {[%emt 0:00:30]} Qb2+ {[%emt 0:00:30]} 33. Re2 {[%emt 0:07:30]} Qxd4+ {[%emt 0:00:30]} 34. Qxd4 {[%emt 0:00:30]} Rxd4 {[%emt 0:00:30]} 35. Re8+ {[%emt 0:00:00]} Kh7 {[%emt 0:00:30]} 36. b5 {[%emt 0:00:00]} Rd2+ {[%emt 0:03:30]} 37. Kg3 {[%emt 0:00:30]} Rd7 {[%emt 0:09:30]} 38. f4 {[%emt 0:11:30]} b6 {[%emt 0:00:30]} 39. h4 {[%emt 0:00:30]} Kg6 {[%emt 0:01:30]} 40. Kg4 {[%emt 0:00:30]} Kf6 {[%emt 0:19:30]} 1/2-1/2

[Event "4th Sabbiadoro-Master 2018"]
[Site "Lignano Sabbiadoro"]
[Date "2018.08.02"]
[Round "6.6"]
[White "Medici, Simone"]
[Black "Siclari, Giovanni"]
[Result "1/2-1/2"]
[WhiteElo "2286"]
[BlackElo "2185"]
[Annotator "TA"]
[PlyCount "40"]
[EventDate "2018.07.29"]
[EventType "swiss"]
[EventCountry "ITA"]
[SourceTitle "playchess.com"]
[Source "ChessBase"]
[SourceQuality "1"]

{[%evp 11,40,20,41,0,18,8,33,28,20,14,65,65,65,69,65,54,53,56,56,10,8,7,8,7,16,-6,37,-6,0,-37,0]} 1. d4 Nf6 2. c4 e6 3. Nf3 b6 4. Bf4 Bb7 5. e3 Be7 6. h3 d6 {LiveBook: 3 Games. E12: Queen's Indian: Unusual White 4th moves, 4 a3, 4 Nc3 Bb7 5 a3 and 4 Nc3 Bb7} (6... d5 7. Nc3 O-O 8. Be2 c5 9. dxc5 Bxc5 10. O-O Qe7 11. a3 Rd8 12. cxd5 Nxd5 13. Nxd5 Bxd5 14. Qc2 a5 15. Ng5 g6 {½-½ (70) Georgiev,K (2623)-Kravtsiv,M (2672) Riadh 2017}) 7. Be2 Nbd7 8. O-O c5 {The position is equal.} 9. Nc3 a6 10. a4 $146 ({Predecessor:} 10. Qc2 O-O 11. Rad1 {1-0 (92) Bolado Saez,S (2370)-Vallejo Diaz,J (2246) Madrid 2018}) 10... O-O ({Black should play} 10... cxd4 $11 11. exd4 O-O) 11. d5 $1 $14 {aiming for dxe6.} e5 12. Bh2 Ne8 13. e4 g6 14. Nd2 Bg5 15. f4 Bxf4 16. Bxf4 exf4 17. Rxf4 Ne5 18. Qf1 a5 19. Ra3 Ng7 20. h4 Qe7 {Precision: White = 35%, Black = 22%.} 1/2-1/2

[Event "4th Sabbiadoro-Master 2018"]
[Site "Lignano Sabbiadoro"]
[Date "2018.08.02"]
[Round "6.7"]
[White "Micottis, Dorian"]
[Black "Favilli, Edoardo"]
[Result "1/2-1/2"]
[WhiteElo "2279"]
[BlackElo "2116"]
[Annotator "NA"]
[PlyCount "95"]
[EventDate "2018.07.29"]
[EventType "swiss"]
[EventCountry "ITA"]
[SourceTitle "playchess.com"]
[Source "ChessBase"]
[SourceQuality "1"]
[TimeControl "5400+30"]

1. e4 {[%emt 0:00:30]} e6 {[%emt 0:08:30]} 2. d4 {[%emt 0:00:00]} d5 {[%emt 0:00:00]} 3. Nc3 {[%emt 0:00:00]} Nf6 {[%emt 0:00:00]} 4. Bg5 {[%emt 0:00:00]} Bb4 {[%emt 0:00:30]} 5. e5 {[%emt 0:00:00]} h6 {[%emt 0:00:30]} 6. Be3 {[%emt 0:00:00]} Ne4 {[%emt 0:00:00]} 7. Qg4 {[%emt 0:00:00]} g6 {[%emt 0:00:00]} 8. a3 {[%emt 0:00:00]} Bxc3+ {[%emt 0:00:30]} 9. bxc3 {[%emt 0:00:00]} c5 {[%emt 0:00:30]} 10. Bd3 {[%emt 0:01:30]} h5 $11 {[%emt 0:00:30]} 11. Qf3 {[%emt 0:09:30]} Nxc3 {[%emt 0:01:30]} 12. dxc5 {[%emt 0:03:30]} Nc6 {[%emt 0:00:00]} 13. Qf4 {[%emt 0:03:30]} d4 {[%emt 0:09:00]} 14. Bd2 {[%emt 0:00:30]} Na4 {[%emt 0:00:30]} 15. Nf3 {[%emt 0:06:30]} Nxc5 {[%emt 0:03:30]} 16. O-O {[%emt 0:01:30]} Nxd3 {[%emt 0:25:30]} 17. cxd3 {[%emt 0:00:30]} f6 {[%emt 0:07:30]} 18. Qg3 {[%emt 0:38:30]} g5 {[%emt 0:20:30]} 19. exf6 {[%emt 0:00:30]} g4 {[%emt 0:00:30]} 20. Ng5 {[%emt 0:00:30]} Qxf6 {[%emt 0:00:30]} 21. Ne4 {[%emt 0:00:30]} Qg7 {[%emt 0:00:30]} 22. Nd6+ {[%emt 0:00:30]} Kd7 {[%emt 0:00:30]} 23. Nc4 {[%emt 0:01:30]} e5 {[%emt 0:04:17]} 24. Rae1 {[%emt 0:02:30]} Re8 {[%emt 0:01:04]} 25. f4 {[%emt 0:00:30]} Kc7 {[%emt 0:04:23]} 26. Nxe5 {[%emt 0:04:30]} Bf5 {[%emt 0:01:30]} 27. Rc1 {[%emt 0:05:30]} Rac8 {[%emt 0:00:41]} 28. Rc5 {[%emt 0:00:30]} Qf8 {[%emt 0:02:39]} 29. Bb4 {[%emt 0:06:58]} Qf6 {[%emt 0:00:17]} 30. Rfc1 {[%emt 0:00:04]} Kb8 {[%emt 0:00:37]} 31. Nxc6+ {[%emt 0:02:06]} Rxc6 {[%emt 0:00:06]} 32. Rxc6 {[%emt 0:00:23]} bxc6 {[%emt 0:00:06]} 33. Re1 {[%emt 0:04:05]} Re6 {[%emt 0:07:05]} 34. Bc5 {[%emt 0:02:03]} h4 {[%emt 0:01:38]} 35. Qf2 {[%emt 0:02:35]} Bxd3 {[%emt 0:00:09]} 36. Rxe6 {[%emt 0:02:33]} Qxe6 {[%emt 0:00:01]} 37. Bxd4 {[%emt 0:00:00]} Qb3 {[%emt 0:01:29]} 38. Be5+ {[%emt 0:04:11]} Kb7 {[%emt 0:00:19]} 39. Qxh4 {[%emt 0:00:21]} Qd1+ {[%emt 0:01:33]} 40. Kf2 {[%emt 0:00:01]} Qe2+ {[%emt 0:00:00]} 41. Kg3 {[%emt 0:00:08]} Bf5 {[%emt 0:00:33]} 42. Qe7+ {[%emt 0:00:25]} Ka6 {[%emt 0:00:01]} 43. Qc5 {[%emt 0:01:09]} Be4 {[%emt 0:00:57]} 44. Qf2 {[%emt 0:00:56]} Qd3+ {[%emt 0:00:06]} 45. Kxg4 {[%emt 0:00:20]} Qd1+ {[%emt 0:00:40]} 46. Kg3 {[%emt 0:00:37]} Qd3+ {[%emt 0:00:11]} 47. Kg4 {[%emt 0:00:12]} Qd1+ {[%emt 0:00:17]} 48. Kg3 {[%emt 0:00:30]} 1/2-1/2

[Event "4th Sabbiadoro-Master 2018"]
[Site "Lignano Sabbiadoro"]
[Date "2018.08.02"]
[Round "6.8"]
[White "Sgnaolin, Davide"]
[Black "Migliorini, Matteo"]
[Result "0-1"]
[WhiteElo "2267"]
[BlackElo "2130"]
[Annotator "NA"]
[PlyCount "96"]
[EventDate "2018.07.29"]
[EventType "swiss"]
[EventCountry "ITA"]
[SourceTitle "playchess.com"]
[Source "ChessBase"]
[SourceQuality "1"]
[TimeControl "5400+30"]

1. Nf3 {[%emt 0:00:30]} c5 {[%emt 0:00:30]} 2. b3 {[%emt 0:00:30]} d5 {[%emt 0:05:30]} 3. Bb2 {[%emt 0:00:30]} Nc6 {[%emt 0:00:30]} 4. e3 {[%emt 0:00:00]} Nf6 {[%emt 0:00:30]} 5. Bb5 $11 {[%emt 0:05:00] LiveBook: 185 Games} Qb6 {[%emt 0:08:30]} 6. a4 {[%emt 0:15:30]} Bg4 {[%emt 0:04:30]} 7. h3 {[%emt 0:02:30]} Bh5 {[%emt 0:04:30]} 8. g4 {[%emt 0:05:30]} Bg6 {[%emt 0:00:30]} 9. Ne5 {[%emt 0:01:30]} e6 {[%emt 0:00:30]} 10. d3 {[%emt 0:04:30]} Bd6 {[%emt 0:04:30]} 11. Bxc6+ {[%emt 0:06:30]} bxc6 {[%emt 0:00:30]} 12. Nd2 {[%emt 0:00:00]} Rd8 {[%emt 0:09:30]} 13. Qe2 {[%emt 0:04:00]} c4 {[%emt 0:20:30]} 14. dxc4 {[%emt 0:34:17]} Bxc2 {[%emt 0:00:30]} 15. Rc1 {[%emt 0:00:44]} Bxb3 {[%emt 0:00:30]} 16. Nxb3 {[%emt 0:04:11]} Bxe5 {[%emt 0:02:30]} 17. Bxe5 {[%emt 0:00:59]} Qxb3 {[%emt 0:00:30]} 18. O-O {[%emt 0:03:13]} O-O {[%emt 0:01:30]} 19. Bxf6 {[%emt 0:01:17]} gxf6 {[%emt 0:00:30]} 20. Qf3 {[%emt 0:01:07]} Kg7 {[%emt 0:02:30]} 21. cxd5 {[%emt 0:00:44]} cxd5 {[%emt 0:01:30]} 22. Qf4 {[%emt 0:00:15]} d4 {[%emt 0:08:30]} 23. exd4 {[%emt 0:03:54]} Qxa4 {[%emt 0:02:30]} 24. Ra1 {[%emt 0:01:06]} Qxd4 {[%emt 0:00:30]} 25. Qxd4 {[%emt 0:00:08]} Rxd4 {[%emt 0:00:00]} 26. Rxa7 {[%emt 0:00:02]} Rfd8 {[%emt 0:00:00]} 27. Rc1 {[%emt 0:00:45]} Rd1+ {[%emt 0:01:30]} 28. Rxd1 {[%emt 0:00:01]} Rxd1+ {[%emt 0:00:00]} 29. Kg2 {[%emt 0:00:00]} Rd5 {[%emt 0:00:00]} 30. Kg3 {[%emt 0:00:52]} f5 {[%emt 0:00:30]} 31. Ra8 {[%emt 0:01:46]} Rd3+ {[%emt 0:02:25]} 32. Kg2 {[%emt 0:02:17]} f4 {[%emt 0:00:58]} 33. Ra5 {[%emt 0:00:47]} f6 {[%emt 0:00:53]} 34. Ra4 {[%emt 0:01:13]} e5 {[%emt 0:00:08]} 35. Ra7+ {[%emt 0:00:17]} Kg6 {[%emt 0:00:12]} 36. Ra8 {[%emt 0:00:18]} h5 {[%emt 0:06:11]} 37. gxh5+ {[%emt 0:01:02]} Kxh5 {[%emt 0:00:06]} 38. Rg8 {[%emt 0:00:14]} f5 {[%emt 0:04:57]} 39. Rh8+ {[%emt 0:00:48]} Kg6 {[%emt 0:00:10]} 40. Rg8+ {[%emt 0:00:06]} Kf7 {[%emt 0:00:36]} 41. Ra8 {[%emt 0:00:26]} e4 {[%emt 0:00:45]} 42. Ra6 {[%emt 0:00:56]} Rd8 {[%emt 0:00:33]} 43. Ra7+ {[%emt 0:00:41]} Kf6 {[%emt 0:00:29]} 44. Ra6+ {[%emt 0:00:09]} Kg5 {[%emt 0:00:35]} 45. Ra5 {[%emt 0:00:48]} Rg8 {[%emt 0:00:35]} 46. Kf1 {[%emt 0:00:31]} f3 {[%emt 0:00:26]} 47. Ra7 {[%emt 0:00:30]} Rh8 {[%emt 0:00:46]} 48. Rg7+ {[%emt 0:00:22]} Kf4 {[%emt 0:00:59]} 0-1

[Event "4th Sabbiadoro-Master 2018"]
[Site "Lignano Sabbiadoro"]
[Date "2018.08.02"]
[Round "6.9"]
[White "Ventura, Salvatore"]
[Black "Barberi, Alessandro"]
[Result "1-0"]
[WhiteElo "2185"]
[BlackElo "2044"]
[Annotator "NA"]
[PlyCount "35"]
[EventDate "2018.07.29"]
[EventType "swiss"]
[EventCountry "ITA"]
[SourceTitle "playchess.com"]
[Source "ChessBase"]
[SourceQuality "1"]
[TimeControl "5400+30"]

1. d4 {[%emt 0:00:30]} g6 {[%emt 0:00:30]} 2. e4 {[%emt 0:00:30]} Bg7 {[%emt 0:00:00]} 3. Nc3 {[%emt 0:00:00]} d6 {[%emt 0:00:00]} 4. f4 {[%emt 0:00:00]} a6 {[%emt 0:00:30]} 5. Nf3 {[%emt 0:00:30]} Nd7 {[%emt 0:00:30]} 6. Bd3 {[%emt 0:03:30]} b5 {[%emt 0:00:30]} 7. e5 {[%emt 0:03:30]} Bb7 {[%emt 0:00:30]} 8. Qe2 {[%emt 0:01:30]} c5 {[%emt 0:04:30]} 9. Ng5 {[%emt 0:00:30]} Nf8 {[%emt 0:02:30]} 10. Nxb5 {[%emt 0:05:30]} cxd4 {[%emt 0:00:30]} 11. Nxd6+ {[%emt 0:07:30]} exd6 {[%emt 0:00:30]} 12. exd6+ {[%emt 0:00:30]} Ne6 {[%emt 0:00:30]} 13. f5 {[%emt 0:03:30]} gxf5 {[%emt 0:00:00]} 14. Nxe6 {[%emt 0:05:30]} fxe6 {[%emt 0:02:00]} 15. Qxe6+ {[%emt 0:00:30]} Kf8 {[%emt 0:00:30]} 16. O-O {[%emt 0:02:30]} Nf6 {[%emt 0:00:30]} 17. Bd2 {[%emt 0:14:30]} Bc8 {[%emt 0:04:30]} 18. d7 {[%emt 0:02:30]} 1-0

[Event "4th Sabbiadoro-Master 2018"]
[Site "Lignano Sabbiadoro"]
[Date "2018.08.02"]
[Round "6.10"]
[White "Grigorian, Roudolph"]
[Black "Grochowalski, Pawel"]
[Result "1/2-1/2"]
[WhiteElo "2154"]
[BlackElo "2049"]
[Annotator "NA"]
[PlyCount "32"]
[EventDate "2018.07.29"]
[EventType "swiss"]
[EventCountry "ITA"]
[SourceTitle "playchess.com"]
[Source "ChessBase"]
[SourceQuality "1"]
[TimeControl "5400+30"]

1. d4 {[%emt 0:10:30]} Nf6 {[%emt 0:00:30]} 2. Bf4 {[%emt 0:00:30]} d5 {[%emt 0:02:30]} 3. Nf3 {[%emt 0:00:30]} e6 {[%emt 0:04:30]} 4. e3 {[%emt 0:00:00]} Bd6 {[%emt 0:00:30]} 5. Bg3 {[%emt 0:00:00]} Qe7 {[%emt 0:04:30]} 6. Nbd2 {[%emt 0:02:30]} c5 {[%emt 0:05:30]} 7. c3 {[%emt 0:00:30]} Nc6 {[%emt 0:00:30]} 8. Ne5 {[%emt 0:01:30]} Nd7 {[%emt 0:04:30]} 9. Nxc6 {[%emt 0:05:30]} bxc6 {[%emt 0:00:30]} 10. Qa4 {[%emt 0:03:30]} Bb7 {[%emt 0:03:30]} 11. Nb3 {[%emt 0:03:30]} Bxg3 {[%emt 0:10:30]} 12. hxg3 {[%emt 0:00:30]} c4 {[%emt 0:05:30]} 13. Na5 {[%emt 0:07:30]} Rb8 {[%emt 0:10:30]} 14. Qc2 {[%emt 0:23:30]} Qa3 {[%emt 0:03:30]} 15. b3 {[%emt 0:00:30]} g6 {[%emt 0:08:30]} 16. b4 {[%emt 0:18:09]} Ba8 {[%emt 0:03:30]} 1/2-1/2

[Event "4th Sabbiadoro-Master 2018"]
[Site "Lignano Sabbiadoro"]
[Date "2018.08.03"]
[Round "7.1"]
[White "Nester, Ihor"]
[Black "Kalegin, Evgenij"]
[Result "0-1"]
[WhiteElo "2305"]
[BlackElo "2431"]
[Annotator "TA"]
[PlyCount "97"]
[EventDate "2018.07.29"]
[EventType "swiss"]
[EventCountry "ITA"]
[SourceTitle "playchess.com"]
[Source "ChessBase"]
[SourceQuality "1"]

{[%evp 20,97,62,38,69,66,71,49,40,39,39,41,47,53,41,13,10,18,10,12,11,13,34,34,30,14,60,57,62,48,66,27,39,6,4,8,6,-22,0,0,114,58,78,0,0,0,0,0,0,-61,-24,-50,-22,-15,-9,-29,-22,-20,-6,-7,0,-37,0,-86,-74,-77,-73,-72,-69,-95,-92,-89,-104,-139,-138,-489,-482,-468,-455,-1164]} 1. Nf3 Nf6 2. c4 g6 3. d4 Bg7 4. g3 O-O 5. Bg2 d6 6. O-O Nbd7 7. Nc3 e5 8. e4 exd4 9. Nxd4 c6 10. h3 Qb6 11. Nc2 {LiveBook: 20 Games} Ne5 {E69: King's Indian: Fianchetto: 6...Nbd7 7 0-0 e5 8 e4 c6 9 h3} (11... Qc7 12. Re1 Re8 13. b3 a6 14. Ba3 Bf8 15. Qd2 b5 16. Rad1 Nc5 17. Qd4 Nfd7 18. Bb2 Ne5 19. f4 {1-0 (70) Bu,X (2662)-Li,S (2558) China 2013}) 12. b3 Ne8 13. Be3 $146 ({Predecessor:} 13. Rb1 Qa5 14. Ne2 f5 15. f4 Nf7 16. e5 dxe5 17. Ba3 Be6 18. fxe5 Rd8 19. Qe1 {0-1 (51) Contin,D (2346)-Collutiis,D (2508) Acqui Terme 2012}) 13... Qa5 {White is slightly better.} 14. Ne2 f5 {With the idea ...fxe4.} 15. exf5 Bxf5 16. Ncd4 Bd7 17. f4 (17. Nf4 {with more complications.} Nc7 18. Nde2 Ne8 19. h4 Rf7 20. Bd4) 17... Nf7 18. Qe1 Qxe1 19. Raxe1 Nc7 20. Nc3 {[%cal Be2c3,Bc3a4,Ba4b6][%mdl 32]} Rfe8 {And now ...Rxe3! would win.} 21. Bf2 Ne6 22. Rd1 a5 23. Nxe6 Bxe6 24. Na4 Bf5 25. Nb6 {aiming for g4.} Rad8 26. Rfe1 (26. g4 $5 {[%cal Rg4f5]} Bc2 27. Rc1 $14) 26... Bc3 27. Rxe8+ Rxe8 28. Na4 Bf6 29. g4 Be6 (29... Bc2 $1 $11 30. Rd2 Bb1) 30. Nb6 (30. Bf3 $16) 30... h5 {[#]} 31. Re1 (31. Bf3 $1 $16) 31... hxg4 32. hxg4 {Hoping for f5!} Bc3 33. Re4 Nh6 34. Bf3 (34. Be1 $11 Bxe1 35. Rxe1) 34... Kf8 35. Na4 Bb4 36. g5 Nf5 37. Kg2 Kf7 38. Re2 Rh8 39. Nb2 Bc3 40. Nd3 Bd4 41. Bg4 (41. Be4 $11 {remains equal.} Bxf2 42. Nxf2) 41... Nh4+ $17 42. Kg3 Bxg4 43. Kxg4 Nf5 44. Re4 c5 45. Re1 Rh2 46. Kf3 Rh3+ 47. Ke4 $2 {[%mdl 8192] [#]} (47. Ke2 $17 {was the crucial defense.}) 47... d5+ $1 $19 {[%mdl 512]} 48. Kxd5 {Black must now prevent Ne5+.} (48. cxd5 Nd6#) 48... Rxd3 49. Rh1 {Precision: White = 39%, Black = 56%.} (49. Bxd4 $142 cxd4 50. Rh1) 0-1

[Event "4th Sabbiadoro-Master 2018"]
[Site "Lignano Sabbiadoro"]
[Date "2018.08.03"]
[Round "7.3"]
[White "Damia, Angelo"]
[Black "Ristic, Nenad"]
[Result "1/2-1/2"]
[WhiteElo "2313"]
[BlackElo "2356"]
[Annotator "NA"]
[PlyCount "99"]
[EventDate "2018.07.29"]
[EventType "swiss"]
[EventCountry "ITA"]
[SourceTitle "playchess.com"]
[Source "ChessBase"]
[SourceQuality "1"]
[TimeControl "5400+30"]

1. e4 {[%emt 0:04:30]} c5 {[%emt 0:00:30]} 2. Nf3 {[%emt 0:00:30]} Nc6 {[%emt 0:00:00]} 3. d4 {[%emt 0:00:30]} cxd4 {[%emt 0:00:00]} 4. Nxd4 {[%emt 0:00:30]} g6 {[%emt 0:00:30]} 5. c4 {[%emt 0:01:30]} Bg7 {[%emt 0:00:00]} 6. Be3 {[%emt 0:01:30]} Nf6 {[%emt 0:00:00]} 7. Nc3 {[%emt 0:00:30]} O-O {[%emt 0:00:30]} 8. Be2 {[%emt 0:00:30]} d6 {[%emt 0:00:30]} 9. O-O {[%emt 0:00:30]} Bd7 {[%emt 0:00:00]} 10. Rc1 {[%emt 0:02:30]} Nxd4 {[%emt 0:02:00]} 11. Bxd4 {[%emt 0:00:00]} Bc6 {[%emt 0:00:30]} 12. Qd3 {[%emt 0:01:00]} Nd7 {[%emt 0:00:30]} 13. Bxg7 {[%emt 0:00:30]} Kxg7 {[%emt 0:00:30]} 14. b3 {[%emt 0:00:30]} Nc5 {[%emt 0:02:30]} 15. Qe3 {[%emt 0:00:30]} e5 {[%emt 0:01:30]} 16. f4 {[%emt 0:00:30]} f6 {[%emt 0:10:30]} 17. f5 {[%emt 0:05:30]} a5 {[%emt 0:01:30]} 18. Rcd1 {[%emt 0:00:30]} Qc7 {[%emt 0:03:30]} 19. Rd2 {[%emt 0:07:30]} Rad8 {[%emt 0:00:30]} 20. h4 {[%emt 0:14:30]} b6 {[%emt 0:01:30]} 21. g4 {[%emt 0:00:30]} Qb7 {[%emt 0:03:30]} 22. Nd5 {[%emt 0:00:30]} gxf5 {[%emt 0:06:30]} 23. Rxf5 {[%emt 0:02:30]} Ne6 {[%emt 0:01:30]} 24. Nxf6 {[%emt 0:05:30]} Rxf6 {[%emt 0:02:30]} 25. Rxf6 {[%emt 0:00:30]} Kxf6 {[%emt 0:00:00]} 26. Qh6+ {[%emt 0:00:30]} Ke7 {[%emt 0:01:00]} 27. g5 {[%emt 0:00:00]} Rf8 {[%emt 0:03:30]} 28. Bg4 {[%emt 0:01:00]} Bd7 {[%emt 0:00:30]} 29. Qxh7+ {[%emt 0:00:30]} Rf7 {[%emt 0:00:30]} 30. Qg6 {[%emt 0:00:30]} Nd4 {[%emt 0:01:30]} 31. Rf2 {[%emt 0:01:30]} Be8 {[%emt 0:07:30]} 32. Rxf7+ {[%emt 0:02:30]} Bxf7 {[%emt 0:00:30]} 33. Qf6+ {[%emt 0:00:00]} Ke8 {[%emt 0:00:30]} 34. Qxd6 {[%emt 0:05:00]} Qe7 {[%emt 0:05:30]} 35. Qb8+ {[%emt 0:00:30]} Qd8 {[%emt 0:00:00]} 36. Qxe5+ {[%emt 0:00:00]} Ne6 {[%emt 0:00:00]} 37. Bxe6 {[%emt 0:01:00]} Qd1+ {[%emt 0:00:30]} 38. Kf2 {[%emt 0:02:30]} Qd2+ {[%emt 0:00:00]} 39. Kf3 {[%emt 0:01:30]} Qd1+ {[%emt 0:03:00]} 40. Kf4 {[%emt 0:01:30]} Qf1+ {[%emt 0:03:30]} 41. Kg4 {[%emt 0:01:30]} Qe2+ {[%emt 0:04:30]} 42. Kf5 {[%emt 0:00:30]} Qf3+ {[%emt 0:01:30]} 43. Qf4 {[%emt 0:00:00]} Qh3+ {[%emt 0:01:30]} 44. Ke5 {[%emt 0:00:00]} Qxe6+ {[%emt 0:00:30]} 45. Kd4 {[%emt 0:00:00]} Qd7+ {[%emt 0:02:30]} 46. Kc3 {[%emt 0:00:00]} Qd1 {[%emt 0:01:30]} 47. Qe5+ {[%emt 0:05:30]} Kf8 {[%emt 0:00:30]} 48. Qh8+ {[%emt 0:01:30]} Ke7 {[%emt 0:00:00]} 49. Qf6+ {[%emt 0:00:30]} Ke8 {[%emt 0:00:00]} 50. Qe5+ {[%emt 0:08:30]} 1/2-1/2